[Event "IMA1"]
[Site "Marianske Lazne CZE"]
[Date "2005.01.23"]
[Round "2"]
[White "Becker,Mart"]
[Black "Matovic,P"]
[Result "1-0"]
[WhiteElo "2251"]
[BlackElo "2263"]

1.e4 d5 2.exd5 Qxd5 3.Nc3 Qd6 4.d4 a6 5.Nf3 Nf6 6.g3 g6 7.Bg2 Bg7 8.O-O O-O
9.Bf4 Qd8 10.Qd2 Re8 11.Rfe1 Nh5 12.Bh6 Bh8 13.Ne5 Nd7 14.Qe2 Nxe5 15.dxe5 c6
16.Kh1 Ng7 17.g4 Be6 18.Be3 Qc7 19.f4 f5 20.exf6 exf6 21.Ne4 Rf8 22.Bc5 Rf7
23.Bd6 Qc8 24.h3 Bd5 25.c4 Bxe4 26.Bxe4 Ne8 27.Rad1 Nxd6 28.Rxd6 Bg7 29.f5 g5
30.Re6 Bf8 31.Qe3 Qc7 32.c5 h6 33.Qc3 Kg7 34.Bc2 Rd8 35.Bb3 Qd7 36.Rd1 Qc7
37.Rde1 Qd7 38.Rd1 Qc7 39.Rde1 Qd7 40.R6e4 Qd3 41.Bxf7 Qxc3 42.bxc3 Kxf7
43.Rd4 Rd5 44.Rxd5 cxd5 45.Rb1 Bxc5 46.Rxb7+ Ke8 47.Kg2 d4 48.cxd4 Bxd4 49.Kf3 a5
50.Ke4 Bc3 51.Kd5  1-0

[Event "Zimski Winter Open"]
[Site "Belgrade SCG"]
[Date "2005.01.26"]
[Round "4"]
[White "Gavric,Zi"]
[Black "Ostojic,N"]
[Result "0-1"]
[WhiteElo "2107"]
[BlackElo "2430"]

1.e4 d5 2.exd5 Qxd5 3.Nc3 Qd8 4.Qf3 Nf6 5.Bc4 c6 6.h3 Nbd7 7.Ne4 Ne5 8.Nxf6+ gxf6
9.Qe4 Nxc4 10.Qxc4 Rg8 11.Qe4 Qa5 12.b4 Qf5 13.d3 Qxe4+ 14.dxe4 Rxg2 15.Ne2 Rg8
16.Ng3 a5 17.Bd2 axb4 18.Bxb4 Rg5 19.Ke2 Rb5 20.a3 Be6 21.f4 Bh6 22.f5 Bc4+
23.Kf3 c5 24.Bc3 Rb6 25.Nh5 Rba6 26.Bb2 O-O-O 27.Rad1 Rad6 28.Rxd6 Rxd6 29.Bc3 Ra6
30.Ra1 Ra4 31.Nf4 Bxf4 32.Kxf4 Bd5 33.Re1 Bc6 34.Bb2 Rc4 35.Re2 Ba4 36.h4 h5
37.Re3 Kc7 38.Re1 Kb6 39.Rb1 Rxe4+  0-1

[Event "Zimski Winter Open"]
[Site "Belgrade SCG"]
[Date "2005.01.30"]
[Round "8"]
[White "Vranesevic,D"]
[Black "Mihajlovic,M"]
[Result "0-1"]
[WhiteElo "2029"]
[BlackElo "2247"]

1.e4 d5 2.exd5 Qxd5 3.Nc3 Qd6 4.Nf3 a6 5.d4 Bg4 6.Be2 Nf6 7.h3 Bxf3 8.Bxf3 Nc6
9.Be3 O-O-O 10.Bxc6 Qxc6 11.O-O e5 12.Ne2 Nd5 13.Bd2 h5 14.c3 g5 15.Qc2 Kb8
16.dxe5 Bc5 17.Rac1 g4 18.h4 g3 19.Nxg3 Rhg8 20.Ne4 Rg4 21.g3 Rdg8 22.Kh2 f5
23.c4 Rxe4 24.cxd5 Qxd5 25.Bg5 Bb6 26.f4 Rg6 27.Bf6 Re3 28.Rg1 Qf3  0-1

[Event "Bundesliga 2004-5"]
[Site "Hofheim GER"]
[Date "2005.01.30"]
[Round "9"]
[White "Drabke,L"]
[Black "Pirrot,D"]
[Result "0-1"]
[WhiteElo "2433"]
[BlackElo "2398"]

1.e4 d5 2.exd5 Qxd5 3.Nc3 Qd6 4.d4 Nf6 5.Nf3 a6 6.g3 Bg4 7.h3 Bh5 8.Bg2 Nc6
9.Be3 O-O-O 10.Qe2 e6 11.O-O-O Nd5 12.Nxd5 Qxd5 13.b3 Qa5 14.Kb1 Nb4 15.a4 Nd5
16.Bd2 Bb4 17.c4 Bxd2 18.cxd5 Bc3 19.dxe6 Rhe8 20.Qe5 Rd5 21.Qxg7 Qb4 22.Ka2 Ra5  0-1

[Event "10th HIT Open A"]
[Site "Nova Gorica SLO"]
[Date "2005.01.30"]
[Round "4"]
[White "Jaracz,B"]
[Black "Nikolov,Sas"]
[Result "1/2-1/2"]
[WhiteElo "2256"]
[BlackElo "2431"]

1.e4 d5 2.exd5 Qxd5 3.Nc3 Qd6 4.Nf3 Nf6 5.Bc4 a6 6.d3 Nc6 7.Bg5 Bg4 8.h3 Bh5
9.g4 Bg6 10.Qe2 O-O-O 11.O-O-O h6 12.Ne4 Qd7 13.Bh4 Nd5 14.Kb1 Nf4 15.Qd2 Bxe4
16.Qxf4 Bxf3 17.Qxf3 g5 18.Bg3 e6 19.d4 Nxd4 20.Qe4 Qc6 21.Rxd4 Rxd4 22.Qxc6 bxc6
23.Bxa6+ Kd7 24.Be5 Ra4 25.Rd1+ Bd6 26.Bxh8 Rxa6 27.Bg7 Ke7 28.Bd4 Ra8 29.b3 e5
30.Be3 Ke6 31.h4 gxh4 32.Rh1 Be7 33.Bxh6 Rg8 34.f3 f5 35.Rg1 Rh8 36.g5 h3
37.a4 f4 38.Kb2 Kf5 39.g6 Bf6 40.g7 Rg8 41.c3 e4 42.fxe4+ Kxe4 43.Rg4 Bxg7
44.Rxf4+ Ke5 45.Rh4 Bxh6 46.Rxh6 Rg2+ 47.Ka3 h2 48.a5 Kf4 49.a6 Kg3 50.a7 Rg1
51.Kb2 Rg2+ 52.Ka3 Rg1 53.Kb2  1/2-1/2

[Event "10th HIT Open A"]
[Site "Nova Gorica SLO"]
[Date "2005.01.30"]
[Round "4"]
[White "Miletic,De"]
[Black "Brustkern,J"]
[Result "1/2-1/2"]
[WhiteElo "2134"]
[BlackElo "2251"]

1.e4 d5 2.exd5 Qxd5 3.Nc3 Qd6 4.d4 Nf6 5.Nf3 a6 6.g3 b5 7.Bg2 Bb7 8.O-O e6
9.Re1 b4 10.Na4 Qd8 11.c3 Nbd7 12.Qb3 Rb8 13.cxb4 Bd5 14.Qd3 Bxb4 15.Nc3 Bb7
16.a3 Bxc3 17.bxc3 O-O 18.Bf4 h6 19.Rad1 Nd5 20.Bc1 c5 21.c4 N5f6 22.Bf4 Rc8
23.dxc5 Nxc5 24.Qb1 Qa5 25.Bd6 Rfd8 26.Bxc5 Rxd1 27.Rxd1 Bxf3 28.Bb6 Qh5
29.Rd8+ Rxd8 30.Bxd8 Ng4 31.h4 Bxg2 32.Kxg2 Ne5 33.Qe4 f6 34.c5 Qe8 35.Bc7 Qc6
36.Qxc6 Nxc6 37.Bd6 h5 38.Kf3 Kf7 39.Ke4 f5+ 40.Ke3 e5 41.Kd3 Ke6 42.Kc4 g6
43.Bc7 Kd7  1/2-1/2

[Event "13th Fajr Open"]
[Site "Tehran IRI"]
[Date "2005.01.30"]
[Round "6"]
[White "Khakpoor,A"]
[Black "Faisal,Ab"]
[Result "1-0"]
[WhiteElo "2260"]
[BlackElo "2133"]

1.e4 d5 2.exd5 Qxd5 3.Nc3 Qd6 4.d4 Nf6 5.Nf3 a6 6.g3 b5 7.Bg2 Bb7 8.O-O e6
9.Bf4 Qb6 10.a4 Bd6 11.Bxd6 cxd6 12.axb5 axb5 13.Qd3 Ba6 14.b4 Nc6 15.Ne4 Nxe4
16.Qxe4 d5 17.Qh4 O-O 18.c3 Bb7 19.Qf4 Rfc8 20.Nd2 Nb8 21.Nb3 Rxc3 22.Rxa8 Bxa8
23.Ra1 Bc6 24.Nc5 Qd8 25.Ra7 Qe8 26.Qd2 Rc4 27.Bf1 h6 28.h4 Kh7 29.Bd3+ f5
30.Qe1 Rxd4 31.Qe5  1-0

[Event "10th HIT Open A"]
[Site "Nova Gorica SLO"]
[Date "2005.02.03"]
[Round "9"]
[White "Cherin,D"]
[Black "Brustkern,J"]
[Result "1/2-1/2"]
[WhiteElo "2272"]
[BlackElo "2251"]

1.e4 d5 2.exd5 Qxd5 3.Nc3 Qd6 4.d4 Nf6 5.Nf3 a6 6.Bd3 b5 7.Ne4 Qb6 8.Nxf6+ gxf6
9.Be4 Bb7 10.Qe2 Nd7 11.a4 Rc8 12.a5 Qa7 13.b4 e6 14.c3 Qa8 15.Bxb7 Qxb7
16.O-O Bd6 17.Nh4 Qd5 18.Re1 Ke7 19.Qe4 Qxe4 20.Rxe4 Rcg8 21.d5 Ne5 22.f4 Nc4
23.Ra2 Kd7 24.dxe6+ fxe6 25.Rae2 Re8 26.Rd4 Kc8 27.Rde4 Kd7 28.Rd4 Ke7 29.Kh1 Kd7
30.g4 Rhf8 31.Kg2 f5 32.gxf5 exf5 33.Rxe8 Rxe8 34.Kf2 Ke6 35.Rd1 Kf6 36.Rd5 Re4
37.Rxf5+ Ke6 38.Rh5 Be7 39.Rxh7 c5 40.Rh6+ Kf7 41.Nf5 Bf8 42.Rxa6 cxb4 43.cxb4 Bxb4
44.h4 Bc5+ 45.Kf1 Ba3 46.Nh6+ Kg7 47.Bxa3 Rxf4+ 48.Kg2 Nxa3 49.Kg3 Ra4 50.Nf5+ Kh7
51.h5 Nc4 52.Ra7+ Kh8 53.Nh4 Rxa5 54.Ng6+ Kg8 55.Rc7 Ne3 56.Kh4 Ra4+ 57.Kh3 Nf5
58.Rb7 Rb4 59.Ne7+  1/2-1/2

[Event "Jersey Open"]
[Site "Jersey JCI"]
[Date "2005.02.14"]
[Round "2"]
[White "Hawes,J"]
[Black "Brustkern,J"]
[Result "1/2-1/2"]
[WhiteElo "2155"]
[BlackElo "2251"]

1.e4 d5 2.exd5 Qxd5 3.Nc3 Qd6 4.d4 Nf6 5.Nf3 a6 6.Be2 Nbd7 7.Be3 b5 8.a3 Bb7
9.Qd2 e6 10.O-O Be7 11.Rfd1 O-O 12.Bf4 Qc6 13.Bf1 Rfd8 14.Qe3 Nd5 15.Nxd5 Qxd5
16.Rac1 Bd6 17.c4 bxc4 18.Bxc4 Qf5 19.Ne5 Bxe5 20.Bxe5 c5 21.Bd3 Qh5 22.Be2 Qg6
23.Bg3 cxd4 24.Rxd4 Bd5  1/2-1/2

[Event "Jersey Open"]
[Site "Jersey JCI"]
[Date "2005.02.16"]
[Round "4"]
[White "Taylor,Ph"]
[Black "Brustkern,J"]
[Result "0-1"]
[WhiteElo "2058"]
[BlackElo "2251"]

1.e4 d5 2.exd5 Qxd5 3.Nc3 Qd6 4.d4 Nf6 5.Nge2 Bg4 6.f3 Bf5 7.Bf4 Qd8 8.Qd2 e6
9.a3 c6 10.g4 Bg6 11.O-O-O Nbd7 12.h4 h5 13.Bg5 Be7 14.Nf4 Nf8 15.Nxg6 Nxg6
16.Bd3 Nf8 17.Be2 Qa5 18.Be3 O-O-O 19.g5 Nd5 20.Nxd5 Qxd2+ 21.Bxd2 Rxd5 22.Bf4 Bd6
23.Bxd6 Rxd6 24.c3 Ng6 25.Bd3 Nf4 26.Bf1 Rhd8 27.Re1 Rd5 28.Re4 Rf5 29.Kc2 Ng6
30.Bg2 Kc7 31.Rh2 Rdd5 32.Rh1 e5 33.f4 Nxf4 34.Rf1 g6 35.Bh1 Ne6 36.Rxf5 gxf5
37.Rxe5 Rxe5 38.dxe5 Kd7 39.Bf3 Nf4 40.Kd2 Ke6 41.Ke3 Kxe5 42.c4 Ng6 43.Bxh5 Nxh4
44.Bxf7 f4+ 45.Kf2 Kf5 46.c5 Ng6 47.b4 Kxg5 48.Be6 Ne7 49.a4 Kf6 50.Bd7 Ke5
51.Kf3 Kd4 52.Kxf4 Nd5+ 53.Kf3 Nxb4 54.Bc8 b6 55.cxb6 axb6 56.Ke2 Kc3 57.Kd1 Kb3
58.a5 bxa5 59.Kc1 c5 60.Be6+ Kc3 61.Bd7 c4 62.Bb5 Nd3+ 63.Kb1 Kb3 64.Ka1 Nb4
65.Bd7 Kc2 66.Bb5 c3 67.Ba4+ Kd2 68.Bb3 c2 69.Bxc2 Nxc2+ 70.Ka2 Nd4 71.Ka3 Kc3
72.Ka2 Nc2 73.Kb1 Kb3 74.Kc1 a4  0-1

[Event "Aeroflot Open B"]
[Site "Moscow RUS"]
[Date "2005.02.16"]
[Round "2"]
[White "Prokopchuk,E"]
[Black "Lopez Martinez,J"]
[Result "1/2-1/2"]
[WhiteElo "2520"]
[BlackElo "2468"]

1.e4 d5 2.exd5 Qxd5 3.Nc3 Qd8 4.d4 c6 5.Bc4 Nf6 6.Nf3 Bf5 7.Ne5 e6 8.g4 Bg6
9.h4 Bb4 10.f3 Nd5 11.Bxd5 cxd5 12.h5 f6 13.hxg6 fxe5 14.gxh7 Qe7 15.dxe5 Nc6
16.Kf2 O-O-O 17.Ne2 Rdf8 18.Kg2 Qf7 19.f4 g5 20.Nd4 Rxh7 21.Nxc6 bxc6 22.Rxh7 Qxh7
23.Qd3 Qh4 24.Qg3 Qh6 25.fxg5 Qg6 26.Qd3 Qf7 27.Qe2 Qh7 28.Qd3 Qf7 29.Qe2 Qh7
30.Qd3 Qf7  1/2-1/2

[Event "21st Open"]
[Site "Cappelle la Grande FRA"]
[Date "2005.02.17"]
[Round "7"]
[White "Sulskis,S"]
[Black "Ramon,D"]
[Result "1-0"]
[WhiteElo "2564"]
[BlackElo "2169"]

1.e4 d5 2.exd5 Qxd5 3.Nc3 Qd6 4.d4 Nf6 5.Nf3 a6 6.g3 b5 7.Bg2 Bb7 8.O-O e6
9.Bf4 Qd8 10.Ne5 Bxg2 11.Kxg2 Bd6 12.Qf3 Ra7 13.Rad1 O-O 14.d5 exd5 15.Nxd5 Nxd5
16.Rxd5 Qc8 17.Rfd1 Qb7 18.Be3 Ra8 19.Bc5 Bxc5 20.Rxc5 Qb6 21.b4 Ra7 22.c4 bxc4
23.a3 Qe6 24.Nxc4 Nd7 25.Rc6 Qe7 26.Qe3 Qxe3 27.Nxe3 Nb6 28.Rdc1 Na8 29.Nc4 Re8
30.Kf3 f6 31.g4 Kf7 32.h4 Re6 33.Na5 Re8 34.g5 Rd8 35.gxf6 gxf6 36.R1c3 Rd7
37.Nc4 Rd4 38.Kg3 Rd5 39.Rf3 f5 40.Kf4 Ke7 41.Ne5 Rd6 42.Rxd6 Kxd6 43.Rd3+  1-0

[Event "Extraliga CZE 2004-5"]
[Site "Czech Rep CZE"]
[Date "2005.02.19"]
[Round "6"]
[White "Biolek,R2"]
[Black "Nedela,V"]
[Result "1-0"]
[WhiteElo "2450"]
[BlackElo "2374"]

1.e4 d5 2.exd5 Qxd5 3.Nc3 Qd6 4.Nf3 c6 5.Bc4 Nf6 6.O-O b5 7.Bb3 Bg4 8.h3 Bh5
9.d4 Nbd7 10.Re1 b4 11.Ne4 Qc7 12.d5 cxd5 13.Nxf6+ Nxf6 14.Ba4+ Kd8 15.g4 Bg6
16.g5 e6 17.gxf6 gxf6 18.Qxd5+ Ke7  1-0

[Event "76th ch-GER"]
[Site "Altenkirchen GER"]
[Date "2005.02.21"]
[Round "4"]
[White "Rabiega,R"]
[Black "Alber,H"]
[Result "1-0"]
[WhiteElo "2539"]
[BlackElo "2387"]

1.e4 d5 2.exd5 Qxd5 3.Nc3 Qd6 4.d4 c6 5.Bg5 Bf5 6.Qd2 Nf6 7.O-O-O e6 8.Nf3 Qc7
9.Bd3 Bxd3 10.Qxd3 Nbd7 11.Ne5 Be7 12.f4 O-O 13.h4 Rfd8 14.Qf3 c5 15.Nxd7 Rxd7
16.dxc5 Rad8 17.Rxd7 Rxd7 18.b4 h6 19.Bxf6 Bxf6 20.g3 Bxc3 21.Qxc3 Qc6 22.Re1 b6
23.Kb2 Rb7 24.cxb6 Qxb6 25.Re4 a5 26.a3 Rd7 27.Qc5 Qxc5 28.bxc5 Kf8 29.Kb3 Rd2
30.Re3 Rd5 31.Kc4 Rd8 32.Rd3 Rb8 33.c6 Ke8 34.Kc5  1-0

[Event "3rd Breizh Masters Women"]
[Site "Guingamp FRA"]
[Date "2005.02.21"]
[Round "4"]
[White "Matseyko,K"]
[Black "Makropoulou,M"]
[Result "0-1"]
[WhiteElo "2220"]
[BlackElo "2237"]

1.e4 d5 2.exd5 Qxd5 3.Nc3 Qd6 4.Nf3 Nf6 5.d4 c6 6.a3 Bg4 7.Be2 e6 8.Bg5 Nbd7
9.Qd2 Qc7 10.Bf4 Bd6 11.Bxd6 Qxd6 12.h3 Bxf3 13.Bxf3 O-O 14.O-O Rad8 15.Rad1 Nb6
16.Qc1 Qc7 17.Rfe1 Nc4 18.b3 Nd6 19.Re5 Nf5 20.Qf4 Ne7 21.Qc1 Rxd4 22.Rxd4 Qxe5
23.Qd2 h6 24.b4 Qc7 25.Na4 e5 26.Rh4 Rd8 27.Qc1 Nf5 28.Rc4 Nd4 29.Rc3 Nd5
30.Rd3 Nf4 31.Re3 Nxf3+ 32.gxf3 Qd6  0-1

[Event "Aeroflot Open B"]
[Site "Moscow RUS"]
[Date "2005.02.22"]
[Round "8"]
[White "Panarin,M"]
[Black "Nikolaidis,I"]
[Result "1-0"]
[WhiteElo "2475"]
[BlackElo "2520"]

1.e4 d5 2.exd5 Qxd5 3.Nc3 Qd6 4.d4 Nf6 5.Bc4 Bg4 6.f3 Bf5 7.Nge2 Nc6 8.O-O O-O-O
9.Be3 e5 10.d5 Qb4 11.Bd3 Bxd3 12.dxc6 Bc4 13.cxb7+ Qxb7 14.Qc1 Nd5 15.Nxd5 Rxd5
16.Re1 Bb4 17.Nc3 Rd6 18.a3 Ba5 19.b4 Bb6 20.Bc5 f6 21.Kh1 Rd7 22.a4 Rhd8
23.Qe3 Rd4 24.Ne4 Qd5 25.Bxb6 cxb6 26.a5 Qb7 27.axb6 axb6 28.h3 Kb8 29.Ra3 Bb5
30.Rea1 Rd1+ 31.Rxd1 Rxd1+ 32.Kh2 Rd4 33.Qb3 Bc4 34.Qa4 Rd8 35.b5 Bd5 36.Qb4 Qc7
37.Rc3 Qd7 38.Rd3 Qc7 39.Qd2 f5 40.Ng3 Qc4 41.Nxf5  1-0

[Event "VIII Malaga Open"]
[Site "Campillos ESP"]
[Date "2005.02.26"]
[Round "9"]
[White "Baron Rodriguez,Je"]
[Black "Galego,L"]
[Result "0-1"]
[WhiteElo "2422"]
[BlackElo "2496"]

1.e4 d5 2.exd5 Qxd5 3.Nc3 Qd6 4.d4 Nf6 5.Nf3 a6 6.Be3 Nc6 7.Qd2 Bg4 8.Ng5 Bf5
9.f3 e6 10.O-O-O Nd5 11.Nxd5 Qxd5 12.c4 Qd7 13.Bd3 Bxd3 14.Qxd3 O-O-O 15.Ne4 Be7
16.Rd2 Bb4 17.Nc3 Qe7 18.Qc2 Na5 19.b3 Nc6 20.Rhd1 h6 21.Kb1 Rd7 22.Rd3 Rhd8
23.Bf2 Bxc3 24.Qxc3 Qg5 25.g3 Qf5 26.Kb2 Ne5 27.Re3 Ng4 28.fxg4 Qxf2+ 29.Rd2 Qf6
30.Red3 c5 31.d5 Qxc3+ 32.Kxc3 exd5 33.cxd5 Kc7 34.Rf2 b5 35.Rf5 f6 36.h4 Re8
37.d6+ Kc6 38.Rdd5 Re3+ 39.Kb2 Rxg3 40.Rxc5+ Kxd6 41.g5 hxg5 42.hxg5 Ke6
43.gxf6 gxf6 44.Rf2 Rgd3 45.Ka3 Rd2 46.Rf3 R7d4 47.b4 R2d3+ 48.Rxd3 Rxd3+
49.Kb2 Rd6 50.a4 bxa4 51.Ka3 f5 52.Kxa4 Kf6 53.Ka5 Kg5 54.Rc1 f4 55.Rf1 Kg4
56.Rg1+ Kf3  0-1

[Event "3rd Breizh Masters Women"]
[Site "Guingamp FRA"]
[Date "2005.02.26"]
[Round "9"]
[White "Le Diouron,A"]
[Black "Koskoska,G"]
[Result "0-1"]
[WhiteElo "1994"]
[BlackElo "2238"]

1.e4 d5 2.exd5 Qxd5 3.Nc3 Qd8 4.d4 c6 5.Nf3 Bg4 6.Be2 e6 7.h3 Bxf3 8.Bxf3 Nf6
9.Bg5 Nbd7 10.O-O Qa5 11.Bd2 Qb6 12.Be1 O-O-O 13.Na4 Qc7 14.c4 Ne5 15.Rc1 Nxf3+
16.Qxf3 Rxd4 17.Qe3 Qf4 18.Qc3 e5 19.Qc2 e4 20.Bc3 Rd3 21.Rfd1 Bd6 22.g3 Qf5
23.Bxf6 gxf6 24.Rxd3 exd3 25.Qd2 Rg8 26.Kh2 h5 27.h4 Rg4 28.Qe3 Qe4 29.Qxe4 Rxe4
30.Kg2 Kc7 31.b3 Re2 32.Rd1 Rxa2 33.Rxd3 Bb4 34.Nc3 Bxc3 35.Rxc3 Kd6 36.Rf3 Ke7
37.Rf5 Rb2 38.Rxh5 Rxb3 39.Ra5 a6 40.h5 Kf8 41.Kh3 Kg7 42.f4 Rc3 43.Rc5 a5
44.Rxa5 Rxc4 45.Kg4 b5 46.Ra8 Rc5 47.Rb8 f5+ 48.Kg5 f6+ 49.Kh4 Rc1 50.Kh3 Rh1+
51.Kg2 Rxh5 52.Rc8 Rh8 53.Rxc6 Rb8 54.Rc3 Kg6 55.Rb3 Kh5 56.Kf3 b4 57.Kf2 Kg4
58.Kg2 Ra8 59.Rxb4 Ra2+ 60.Kf1 Kxg3 61.Rb6 Kf3 62.Kg1 Rg2+ 63.Kf1 Rg6 64.Rb4 Rg8
65.Ra4 Rb8 66.Kg1 Rb1+ 67.Kh2 Rb6 68.Kg1 Re6 69.Rb4 Kg4 70.Ra4 Re1+ 71.Kf2 Re4
72.Ra6 Rxf4+ 73.Kg2 Kg5 74.Ra8 Rb4 75.Rg8+ Kf4 76.Rf8 Rb2+ 77.Kf1 Kf3 78.Kg1 Rb6
79.Rf7 f4 80.Rf8 Re6 81.Rf7 Ke2 82.Ra7 f3 83.Ra2+ Ke3 84.Ra3+ Kf4 85.Ra4+ Kg3
86.Kf1 Rb6 87.Ra1 f5 88.Kg1 Re6 89.Kf1 Rh6 90.Kg1 f2+  0-1

[Event "XI Anibal Open"]
[Site "Linares ESP"]
[Date "2005.02.26"]
[Round "2"]
[White "Salgado Lopez,I"]
[Black "Del Rio Angelis,S"]
[Result "1-0"]
[WhiteElo "2278"]
[BlackElo "2502"]

1.e4 d5 2.exd5 Qxd5 3.Nc3 Qd8 4.d4 c6 5.Ne4 Bf5 6.Ng3 Bg6 7.h4 h6 8.Nf3 Nd7
9.h5 Bh7 10.Bd3 Bxd3 11.Qxd3 e6 12.Bf4 Qa5+ 13.Bd2 Qc7 14.O-O-O Ngf6 15.Kb1 O-O-O
16.Ne4 c5 17.Nxf6 Nxf6 18.Qa3 Kb8 19.Qa4 Nd5 20.Ba5 b6 21.Ne5 Ka8 22.c4 Nf6
23.Bc3 Ne4 24.Qc2 Qb7 25.d5 Nxc3+ 26.Qxc3 exd5 27.cxd5 f6 28.Nc6 Re8 29.f4 Bd6
30.Qf3 Rc8 31.Rhe1 Rhe8 32.Qg4 f5 33.Qf3 Qd7 34.g3 Rxe1 35.Rxe1 Re8 36.Re6 Kb7
37.Qe3 Rxe6 38.Qxe6 Kc7 39.Qg8 Kb7 40.Qd8 Qc7 41.Qe8 a6 42.Nd8+ Ka7 43.Qf7  1-0

[Event "IBAR Inv"]
[Site "Santa Monica USA"]
[Date "2005.02.27"]
[Round "9"]
[White "Matikozian,A"]
[Black "Mitkov,N"]
[Result "1-0"]
[WhiteElo "2496"]
[BlackElo "2547"]

1.e4 d5 2.exd5 Qxd5 3.Nc3 Qd6 4.d4 Nf6 5.Bc4 a6 6.Nf3 b5 7.Bb3 Bb7 8.O-O e6
9.Re1 Be7 10.Ng5 Bd5 11.Nxd5 Nxd5 12.Ne4 Qd8 13.Qg4 g6 14.Ng5 h5 15.Qf3 Bxg5
16.Bxd5 Bxc1 17.Bxa8 Bxb2 18.Rad1 b4 19.Bc6+ Kf8 20.Rxe6 Kg7 21.Re3 Qd6 22.Bd5 Rf8
23.Qe4 Nd7 24.Bb3 Nc5 25.Qe5+ Qxe5 26.dxe5 Re8 27.Rd5 Nxb3 28.axb3 Re6 29.f4 Rc6
30.Re2 Bc1 31.g3 Kf8 32.Kf2 Ke7 33.Kf3 Bb2 34.Ke4 Ke6 35.h3 Rc3 36.Rd3  1-0

[Event "ch-RUS u20g"]
[Site "Nojabrsk RUS"]
[Date "2005.03.05"]
[Round "4"]
[White "Pogonina,N"]
[Black "Gunina,V"]
[Result "1-0"]
[WhiteElo "2362"]
[BlackElo "2342"]

1.e4 d5 2.exd5 Qxd5 3.Nc3 Qd6 4.d4 Nf6 5.Bd3 a6 6.Nge2 e6 7.Bf4 Qd8 8.O-O Bd6
9.Qd2 O-O 10.Rad1 Nc6 11.Ne4 Bxf4 12.Qxf4 Nd5 13.Qg3 Ndb4 14.a3 Nxd3 15.Rxd3 Ne7
16.c4 Nf5 17.Qf3 Nd6 18.Nxd6 Qxd6 19.Qh5 g6 20.Qg5 f6 21.Qe3 Bd7 22.Nc3 Rae8
23.Ne4 Qe7 24.Re1 Bc8 25.Nc3 Qf7 26.Qf4 Rd8 27.Red1 Kg7 28.h4 Rde8 29.Re3 h6
30.Rde1 g5 31.Qg3 Kh7 32.hxg5 fxg5 33.d5 Kg8 34.Rf3 Qg7 35.Rxf8+ Rxf8 36.dxe6 Re8
37.Qf3 c6 38.Qf5 Rf8 39.Qc5 Re8 40.e7 Qg6 41.Re3 Qf5 42.Qd6 Kg7 43.Ne4 c5
44.Qd8 Bd7 45.Nd6  1-0

[Event "Acropolis GM Open"]
[Site "Athens GRE"]
[Date "2005.03.06"]
[Round "1"]
[White "Solak,D"]
[Black "Tzermiadianos,Ang"]
[Result "1-0"]
[WhiteElo "2596"]
[BlackElo "2250"]

1.e4 d5 2.exd5 Qxd5 3.Nc3 Qd6 4.d4 Nf6 5.Nf3 a6 6.g3 Bg4 7.Bg2 Nc6 8.O-O O-O-O
9.d5 Nb4 10.h3 Bxf3 11.Qxf3 Nbxd5 12.Rd1 e6 13.Nxd5 exd5 14.c4 Qb6 15.cxd5 Bc5
16.Bf4 Rhe8 17.Rac1 Ne4 18.Rc2 Rd7 19.Rdc1 g5 20.Bxc7 Qxc7 21.Rxc5 Nxc5 22.b4 b6
23.bxc5 bxc5 24.d6 Rxd6 25.Qf5+ Kb8 26.Rxc5 Qe7 27.Qf3 Ka7 28.Re5 Re6 29.Rxe6 fxe6
30.Qe3+ Kb8 31.Qb6+ Kc8 32.Qxa6+ Kc7 33.Bc6 Rc8 34.Qa7+ Kd8 35.Qd4+ Kc7 36.Qa7+ Kd8
37.Qd4+ Kc7 38.Be4 Qd7 39.Qc5+ Kd8 40.Qxg5+ Qe7 41.Qe5 Ke8 42.a4 Rc5 43.Qh8+ Kd7
44.Bxh7 Qg5 45.Be4 Qe5 46.Qh7+ Kd6 47.Qb7 Qa1+ 48.Kg2 Rc1 49.Qb4+ Kd7 50.Kh2 Qc3
51.Qb7+ Kd6 52.h4 Qe1 53.Qb6+ Kd7 54.Qd4+ Ke7 55.Kh3 Rd1 56.Qc5+ Kd8 57.Bf3 Rd2
58.Kg2 Rd3 59.Qf8+ Kd7 60.Qf7+ Kd6 61.Qf8+ Kd7 62.Qc5 Rc3 63.Qd4+ Ke7 64.Qb4+ Kd7
65.a5 Rc1 66.Qxe1 Rxe1 67.a6 Ra1 68.Bb7 Ke7 69.Kf3 Kf6 70.Ke4 Ke7 71.f3 Kf6
72.Kd4 Rd1+ 73.Kc5 Rc1+ 74.Kb6 Rb1+ 75.Kc7  1-0

[Event "Sozina Open"]
[Site "Bar SCG"]
[Date "2005.03.06"]
[Round "3"]
[White "Peptan,C"]
[Black "Smailovic,R"]
[Result "1-0"]
[WhiteElo "2434"]
[BlackElo "2209"]

1.e4 d5 2.exd5 Qxd5 3.Nc3 Qd8 4.d4 e6 5.Nf3 c5 6.Be3 cxd4 7.Qxd4 Qxd4 8.Nxd4 a6
9.O-O-O Nf6 10.Be2 Be7 11.g4 O-O 12.a3 Nbd7 13.Rhg1 Rd8 14.f4 Nf8 15.f5 Ne8
16.fxe6 Nxe6 17.Nf5 Bf8 18.Bf3 Nd6 19.Nd5 Nc4 20.Bf2 Ne5 21.Bh1 h6 22.h3 Kh7
23.Nb6 Rb8 24.Rge1 f6 25.Bd5 Kh8 26.Nxc8 Nf4 27.Nb6 Nxh3 28.Bg3 Bc5 29.Nc4 Bf2
30.Nxe5 fxe5 31.Bxe5  1-0

[Event "Acropolis GM Open"]
[Site "Athens GRE"]
[Date "2005.03.11"]
[Round "6"]
[White "Sokolov,And1"]
[Black "Nikolaidis,I"]
[Result "1/2-1/2"]
[WhiteElo "2582"]
[BlackElo "2520"]

1.e4 d5 2.exd5 Qxd5 3.Nc3 Qd6 4.d4 Nf6 5.Bd3 Nc6 6.Nge2 e5 7.O-O Nxd4 8.Nxd4 Qxd4
9.Re1 Bd6 10.Bg5 Be6 11.Qf3 O-O-O 12.Bxf6 gxf6 13.Qxf6 Qf4 14.Ne4 Qxf6 15.Nxf6 h5
16.Be2 Rh6 17.Nxh5 Rdh8 18.g4 Rg6 19.Ng3 Rgh6  1/2-1/2

[Event "Acropolis GM Open"]
[Site "Athens GRE"]
[Date "2005.03.13"]
[Round "8"]
[White "Shavtvaladze,N"]
[Black "Tzermiadianos,Ang"]
[Result "0-1"]
[WhiteElo "2407"]
[BlackElo "2250"]

1.e4 d5 2.exd5 Qxd5 3.Nc3 Qd6 4.d4 Nf6 5.Nf3 a6 6.Be2 Nc6 7.a3 e5 8.dxe5 Nxe5
9.O-O Be7 10.Nxe5 Qxe5 11.Re1 Qc5 12.Be3 Qd6 13.Qxd6 Bxd6 14.Bd4 Be6 15.Bc4 Kd7
16.Bxe6+ fxe6 17.Rad1 Rae8 18.Ne4 Nxe4 19.Rxe4 Re7 20.c4 Kc6 21.b4 Rf8 22.g3 b6
23.Kg2 Rf5 24.Rde1 Kd7 25.g4 Rff7 26.Rd1 Kc6 27.Be3 Re8 28.h3 h6 29.c5  0-1

[Event "Acropolis Women's GM Open"]
[Site "Athens GRE"]
[Date "2005.03.14"]
[Round "9"]
[White "Karlovich,A"]
[Black "Makropoulou,M"]
[Result "1/2-1/2"]
[WhiteElo "2160"]
[BlackElo "2237"]

1.e4 d5 2.exd5 Qxd5 3.Nc3 Qd6 4.d4 c6 5.Bc4 Nf6 6.Nge2 Bf5 7.Bf4 Qb4 8.Bb3 e6
9.O-O Nbd7 10.Re1 Be7 11.Bc7 Bd8 12.a3 Qe7 13.Bf4 Nb6 14.Ng3 Bg6 15.Nce4 Bc7
16.Nxf6+ gxf6 17.Bxc7 Qxc7 18.Qf3 O-O-O 19.Qxf6 Rhg8 20.Rad1 Nd7 21.Qh4 Kb8
22.Ne4 Bf5 23.Ng3 Bg6 24.Ne4 Bf5 25.Ng3 Bg6 26.Ne4  1/2-1/2

[Event "Caissa IM March"]
[Site "Kecskemet HUN"]
[Date "2005.03.20"]
[Round "1"]
[White "Groetz,H"]
[Black "Brustkern,J"]
[Result "1/2-1/2"]
[WhiteElo "2299"]
[BlackElo "2251"]

1.e4 d5 2.exd5 Qxd5 3.Nc3 Qd6 4.d4 Nf6 5.Nf3 a6 6.Bc4 Nc6 7.h3 Bf5 8.Be3 e6
9.Qe2 Nb4 10.Bb3 Be7 11.Ne5 Nbd5 12.Nxd5 Nxd5 13.Bd2 Bf6 14.a3 Ne7 15.Qe3 Rd8
16.c3 Bxe5 17.Qxe5 Qxe5+ 18.dxe5 Nc6 19.Bf4 h6 20.Rd1 Ke7 21.Ke2 Na5 22.Ba2 Bc2
23.Rd4 Rxd4 24.cxd4 Nb3 25.Bxb3 Bxb3 26.Rc1 c6 27.Bd2 Bd5 28.g4 h5 29.g5 g6
30.h4 Kd7 31.Ba5 b6 32.Bb4 a5 33.Bd6 a4 34.Kd3  1/2-1/2

[Event "XXVIII Open"]
[Site "San Sebastian ESP"]
[Date "2005.03.21"]
[Round "4"]
[White "Huesmann,T"]
[Black "Paunovic,D"]
[Result "0-1"]
[WhiteElo "2315"]
[BlackElo "2518"]

1.e4 d5 2.exd5 Qxd5 3.Nc3 Qd8 4.Bc4 Nf6 5.d3 Bg4 6.f3 Bd7 7.Nge2 e6 8.O-O Be7
9.d4 O-O 10.d5 exd5 11.Nxd5 Nxd5 12.Bxd5 c6 13.Be4 Na6 14.c3 Nc5 15.Bc2 Qb6
16.Kh1 Rad8 17.b4 Bf5 18.Nd4 Bxc2 19.Qxc2 Nd7 20.Be3 Qc7 21.Rad1 Nb6 22.Nf5 Bf6
23.Bc5 Rxd1 24.Rxd1 Rd8 25.Re1 h5 26.Nd6 Qd7 27.c4 g6 28.a4 Bg7 29.a5 Na8
30.Ne4 b6 31.axb6 Nxb6 32.Bf2 Qd3 33.Qa2 Nxc4 34.Qxa7 Ne5 35.Bh4 Nxf3 36.Bxd8 Nxe1  0-1

[Event "ch-EU"]
[Site "Cork IRL"]
[Date "2005.03.23"]
[Round "2"]
[White "Wippermann,T"]
[Black "Johansson,Th1"]
[Result "1-0"]
[WhiteElo "2424"]
[BlackElo "2212"]

1.e4 d5 2.exd5 Qxd5 3.Nc3 Qd6 4.g3 c6 5.Bg2 Nf6 6.Nge2 g6 7.O-O Bg7 8.d4 O-O
9.Bf4 Qd8 10.Qd2 Bf5 11.a4 a5 12.h3 h5 13.Nd1 Re8 14.Ne3 Be4 15.Rad1 Bxg2
16.Kxg2 Nd5 17.Be5 Bh6 18.Qd3 Nd7 19.Nxd5 cxd5 20.Nc3 Nxe5 21.dxe5 e6 22.Nb5 Qb6
23.f4 Rec8 24.b3 Rc6 25.g4 hxg4 26.hxg4 Rac8 27.c3 Qd8 28.g5 Bg7 29.Rh1 Kf8
30.Rh7 Ke7 31.Rxg7 Qh8 32.Qxg6  1-0

[Event "Alpress Cup"]
[Site "Frydek Mistek CZE"]
[Date "2005.03.24"]
[Round "1"]
[White "Labedz,P"]
[Black "Smistik,M"]
[Result "0-1"]
[WhiteElo "1939"]
[BlackElo "2342"]

1.e4 d5 2.exd5 Qxd5 3.Nc3 Qd6 4.Nf3 Nf6 5.d4 a6 6.h3 Nc6 7.Be3 e5 8.dxe5 Nxe5
9.Be2 Qxd1+ 10.Rxd1 Bd6 11.O-O Bd7 12.Bd4 Nc6 13.Bxf6 gxf6 14.Ne4 Be7 15.c3 O-O-O
16.Nd4 Nxd4 17.cxd4 Rhg8 18.Kh2 Bc6 19.Bg4+ Rxg4 20.hxg4 Bxe4 21.Rfe1 Bd6+
22.Kg1 Bd5 23.g3 Rg8 24.f3 f5 25.g5 Rxg5 26.Kf1 Kd7 27.Rb1 Rh5 28.Kf2 Rg5
29.Kf1 Bxg3 30.Red1 h5 31.a4 h4 32.Ke2 Bd6 33.Rg1 Bh2 34.Rgf1 Rg2+ 35.Ke3 h3
36.Rh1 f4+ 37.Kd3 Bxf3 38.Rhe1 Bg3 39.Re5 h2 40.Rf5 Rg1 41.Rxf7+ Ke6 42.Rxg1 hxg1=Q  0-1

[Event "Caissa IM March"]
[Site "Kecskemet HUN"]
[Date "2005.03.24"]
[Round "5"]
[White "Amberger,D"]
[Black "Brustkern,J"]
[Result "1/2-1/2"]
[WhiteElo "2100"]
[BlackElo "2251"]

1.e4 d5 2.exd5 Qxd5 3.Nc3 Qd6 4.d4 Nf6 5.Nf3 a6 6.g3 b5 7.Bg2 Bb7 8.O-O e6
9.Bf4 Qb6 10.Qe2 Bd6 11.Be3 Nd5 12.a4 b4 13.Nxd5 Bxd5 14.c4 bxc3 15.bxc3 Qc6
16.Rfc1 O-O 17.c4 Be4 18.c5 Be7 19.Ne5 Qd5 20.f3 Bf5 21.g4 f6 22.gxf5 fxe5
23.dxe5 c6 24.f4 Qd7 25.Rd1 Qc8 26.fxe6 Qxe6 27.Qh5 Nd7 28.Rac1 Qb3 29.Qe2 Rad8
30.Bxc6 Nxc5 31.Rxd8 Rxd8 32.Qc4+ Qxc4 33.Rxc4 Nd3 34.Kg2 g5 35.Bb6 Nxf4+
36.Rxf4 gxf4 37.Bxd8 Bxd8 38.Kf3 Kf7 39.Kxf4 Ke6 40.Bb7 a5 41.Bc8+ Ke7 42.Kf5 Bc7
43.Be6 Bb6 44.Bg8 h6 45.Ke4  1/2-1/2